Đại số đại cương Giáo trình Cao đẳng sư phạm

Những kiến thức cơ bản về đại số đại cương: Nửa nhóm và nhóm, vành và trường, vành đa thức, vành chính và vành ứcơlít, đa thức trên trường số

Enregistré dans:
Détails bibliographiques
Auteur principal: Hoàng Xuân Sính
Autres auteurs: Trần Phương Dung
Format: Livre
Langue:Vietnamese
Publié: H. Đại học Sư phạm 2004
Sujets:
Tags: Ajouter un tag
Pas de tags, Soyez le premier à ajouter un tag!
Thư viện lưu trữ: Mạng thư viện Đại học Đà Nẵng
LEADER 01514nam a22003858a 4500
001 000010069
003 6269
005 20121031101010.0
008 111110s2004 b 000 0 vieod
020 |c 20000đ  |d 2500b 
041 0 |a vie 
080 |a 517.12(075.3) 
082 |a 512.071  |b HO-S 
084 |a C14z73  |b Đ000ạ 
100 1 |a Hoàng Xuân Sính 
245 1 0 |a Đại số đại cương  |b Giáo trình Cao đẳng sư phạm  |c Hoàng Xuân Sính (ch.b) ; Trần Phương Dung 
260 |a H.  |b Đại học Sư phạm  |c 2004 
300 |a 194tr : hình vẽ  |c 24cm 
500 |a ĐTTS ghi: Bộ Giáo dục và Đào tạo. Dự án đào tạo giáo viên THCS 
520 |a Những kiến thức cơ bản về đại số đại cương: Nửa nhóm và nhóm, vành và trường, vành đa thức, vành chính và vành ứcơlít, đa thức trên trường số 
653 |a Toán cao cấp 
653 |a Đại số 
653 |a Giáo trình 
700 |a Trần Phương Dung 
910 |a Nguyễn Thị Kim Oanh  |d 10/11/2011 
OWN |a LSP 
AVA |a UDN50  |b LSP  |d 512.071 HO-S  |e check_holdings  |t Error 5003 Not defined in file expand_doc_bib_avail.  |h N  |k 1 
999 |a From the UDN01 
AVA |a UDN50  |b LSP  |d 512.071 HO-S  |e available  |t Error 5001 Not defined in file expand_doc_bib_avail.  |f 43  |g 3  |h N  |i 23  |k 1 
TYP |a Monograph 
TYP |a Printed language 
980 |a Mạng thư viện Đại học Đà Nẵng